Statistics for Groups of Countries (by Cedo) #2

Click here to take the quiz!

General Stats

  • This quiz has been taken 272 times
  • The average score is 15 of 22

Answer Stats

HintAnswer% Correct
TÜRKSOY (International Organization of Turkic Culture)Turkey
99%
BeneluxBelgium
91%
BeneluxLuxembourg
90%
BeneluxNetherlands
90%
Balkan League (1912-13)Greece
88%
ANZUSUnited States of America
87%
Balkan League (1912-13)Bulgaria
82%
Balkan League (1912-13)Serbia
80%
ANZUSAustralia
77%
New Agenda CoalitionNew Zealand
76%
ANZUSNew Zealand
76%
TÜRKSOY (International Organization of Turkic Culture)Turkmenistan
73%
TÜRKSOY (International Organization of Turkic Culture)Azerbaijan
72%
TÜRKSOY (International Organization of Turkic Culture)Uzbekistan
71%
TÜRKSOY (International Organization of Turkic Culture)Kazakhstan
65%
Balkan League (1912-13)Montenegro
65%
TÜRKSOY (International Organization of Turkic Culture)Kyrgyzstan
58%
New Agenda CoalitionBrazil
46%
New Agenda CoalitionMexico
44%
New Agenda CoalitionSouth Africa
42%
New Agenda CoalitionEgypt
35%
New Agenda CoalitionIreland
29%

Score Distribution

Percentile by Number Answered

Percent of People with Each Score

Your Score History

You have not taken this quiz